000 00780nam a22002177a 4500
999 _c65544
_d65544
005 20240530110830.0
008 190903s2001 ua a g b 000 0 ara d
017 _bمصر. دار الكتب
040 _aEG-CaGPL
_cEG-CaGPL
082 0 4 _221
_a808.068 \
_bز أ
100 0 _aزينب بيره جكلى
245 1 0 _aادب الاطفال عند محمد سعيد العريان :
_c1323 - 1384 هـ : 1905 - 1964 م /
_bتأليف زينب بيره جكلى
250 _aط.1
260 _aالقاهرة :
_bمكتبة البلد الامين،
_c2001
300 _a123 ص. ؛
_c24 سم.
600 0 _aمحمد سعيد العريان
650 0 7 _2qrmak
_aادب الطفل
651 _2qrmak
942 _2ddc
_cBK